Statistics for SNK vs. Capcom: SVC Chaos All Characters

Click here to take the quiz!

General Stats

  • This quiz has been taken 10 times
  • The average score is 27 of 36

Answer Stats

HintAnswer% Correct
SNKAthena
100%
CapcomBalrog
100%
CapcomChun-Li
100%
CapcomDhalsim
100%
SNKGeese Howard
100%
CapcomGuile
100%
CapcomKen Masters
100%
CapcomRyu
100%
SNKTerry Bogard
100%
CapcomVega
100%
CapcomAkuma
86%
SNKIori Yagami
86%
SNKKyo Kusanagi
86%
SNKRyo Sakazaki
86%
CapcomViolent Ken
86%
CapcomDan Hibiki
71%
CapcomDemitri Maximoff
71%
SNKEarthquake
71%
CapcomHugo
71%
SNKMars People
71%
CapcomM. Bison
71%
SNKOrochi Iori
71%
CapcomSagat
71%
CapcomShin Akuma
71%
CapcomTessa
71%
CapcomZero
71%
SNKGenjuro Kibagami
57%
SNKMai Shiranui
57%
SNKMr. Karate
57%
SNKChoi Bounge
43%
SNKGoenitz
43%
SNKHonki ni Natta Mr. Karate
43%
SNKKasumi Todoh
43%
SNKKim Kaphwan
43%
SNKShiki
43%
CapcomRed Arremer
29%

Score Distribution

Percentile by Number Answered

Percent of People with Each Score

Your Score History

You have not taken this quiz